| 000 | 00744nam a22002057a 4500 | ||
|---|---|---|---|
| 003 | BD-DhUL | ||
| 005 | 20211028142056.0 | ||
| 008 | 201126s2019 ii a|||| |||| 00| 0 beg d | ||
| 040 |
_aBD-DhUL _cBD-DhUL |
||
| 082 |
_a891.21 _bSRN |
||
| 100 | _aশ্রীহর্ষ | ||
| 245 | 1 | 0 |
_aনৈষধচরিতম্ / _cশ্রীহর্ষ। |
| 260 |
_aকলকাতা : _bসংস্কৃত বুক ডিপো, _c২০১৯। |
||
| 300 |
_a[১৬], ৮৪০ পৃ. ; _c২৫ সেমি. |
||
| 365 |
_aIRS _b900 |
||
| 505 | 0 | _a"মূল বইটি সংস্কৃত ভাষায় রচিত"। | |
| 650 | 4 | _aসংস্কৃত কাব্য | |
| 650 | 4 | _aSanskrit poetry | |
| 942 |
_2ddc _cBK |
||
| 999 |
_c252386 _d252386 |
||